Embers / (Record no. 123634)
[ view plain ]
| 000 -LEADER | |
|---|---|
| fixed length control field | 01434mam a22002894a 4500 |
| 001 - CONTROL NUMBER | |
| control field | 3106279 |
| 003 - CONTROL NUMBER IDENTIFIER | |
| control field | ARRUPE |
| 005 - DATE AND TIME OF LATEST TRANSACTION | |
| control field | 20151028110439.0 |
| 008 - FIXED-LENGTH DATA ELEMENTS--GENERAL INFORMATION | |
| fixed length control field | 010501s2001 nyu 000 1 eng |
| 010 ## - LIBRARY OF CONGRESS CONTROL NUMBER | |
| LC control number | 2001029864 |
| 020 ## - INTERNATIONAL STANDARD BOOK NUMBER | |
| International Standard Book Number | 0375407561 |
| 035 ## - SYSTEM CONTROL NUMBER | |
| System control number | (OCoLC)ocm46918187 |
| 035 ## - SYSTEM CONTROL NUMBER | |
| System control number | (NNC)3106279 |
| 040 ## - CATALOGING SOURCE | |
| Original cataloging agency | DLC |
| Transcribing agency | DLC |
| Modifying agency | C#P |
| -- | DPL |
| -- | OrLoB-B |
| 041 1# - LANGUAGE CODE | |
| Language code of text/sound track or separate title | eng |
| Language code of original and/or intermediate translations of text | hun |
| 042 ## - AUTHENTICATION CODE | |
| Authentication code | pcc |
| 050 00 - LIBRARY OF CONGRESS CALL NUMBER | |
| Classification number | PH3281.M35 |
| Item number | G94 2001 |
| 082 00 - DEWEY DECIMAL CLASSIFICATION NUMBER | |
| Classification number | 894/.511334 |
| Edition number | 21 |
| 300 ## - PHYSICAL DESCRIPTION | |
| Dimensions | 20 cm. |
| 100 1# - MAIN ENTRY--PERSONAL NAME | |
| Personal name | Márai, Sándor, |
| Dates associated with a name | 1900-1989. |
| 9 (RLIN) | 20611 |
| 245 10 - TITLE STATEMENT | |
| Title | Embers / |
| Statement of responsibility, etc | Sándor Márai ; translated by Carol Brown Janeway. |
| 260 ## - PUBLICATION, DISTRIBUTION, ETC. (IMPRINT) | |
| Place of publication, distribution, etc | London: |
| Name of publisher, distributor, etc | Penguin Books : |
| Date of publication, distribution, etc | 2003. |
| 300 ## - PHYSICAL DESCRIPTION | |
| Extent | 249 p. ; |
| 520 1# - SUMMARY, ETC. | |
| Summary, etc | "In a castle at the foot of the Carpathian Mountains, an old aristocrat waits to greet the friend he has not seen for forty-one years. In the course of this one night, from dinner until dawn, the two men will fight a duel of words and silences, of stories, of accusations and evasions, that will encompass their entire lives and that of a third person, missing from the candlelit dining hall - the now dead chatelaine of the castle. |
| 520 8# - SUMMARY, ETC. | |
| Summary, etc | The last time the three of them sat together was in this room, after a stag hunt in the forest. The year was 1900. No game was shot that day, but the reverberations were cataclysmic. And the time of reckoning has finally arrived."--BOOK JACKET. |
| 900 ## - EQUIVALENCE OR CROSS-REFERENCE-PERSONAL NAME [LOCAL, CANADA] | |
| Numeration | TOC |
| 942 ## - ADDED ENTRY ELEMENTS (KOHA) | |
| Source of classification or shelving scheme | Library of Congress Classification |
| Koha item type | Monograph ( Printed materials) |
| Withdrawn status | Lost status | Source of classification or shelving scheme | Damaged status | Not for loan | Collection code | Home library | Current library | Shelving location | Date acquired | Total Checkouts | Full call number | Barcode | Date last seen | Price effective from | Koha item type |
|---|---|---|---|---|---|---|---|---|---|---|---|---|---|---|---|
| Library of Congress Classification | Main Collection | ARRUPE LIBRARY | ARRUPE LIBRARY | Main Collection | 28/10/2015 | PH3281.M35 E6 | 46500005343 | 27/02/2019 | 28/10/2015 | Monograph ( Printed materials) |